LEADER 01383nam a2200277 u 4500 001 000000012531 003 CaOOAMICUS 005 20070226105539.0 008 940712s1969 it f u000 u ita u 035 $a10302689 040 $aPUL(R)$bita 110 2 $aCentro studi e ricerche sulla antica provincia ecclesiastica ravennate.$bConvegni$n(1 :$d1966 :$cRavenna).$0(OLS)http://pul/name/11919 245 10$aAtti dei Convegni di Cesena e Ravenna (1966-1967).$nI. 260 $aCesena :$bBadia di Santa Maria del Monte,$c1969. 300 $a799 p., [7] f. de pl. :$bill., fac-sim. : ;$c23 cm 490 1 $aRavennatensia ;$v1 650 4$aMonasteri$zItalia$zEmilia-Romagna.$0(OLS)http://pul/subject/9347 650 4$aSanti$xCulto.$0(OLS)http://pul/subject/1170 710 2 $aCentro studi e ricerche sulla antica provincia ecclesiastica ravennate.$bConvegni$n(2 :$d1967 :$cCesena).$0(OLS)http://pul/name/11920 830 0$aRavennatensia ;$v1.$0(OLS)http://pul/title/2404 850 $aPUL 852 $aPUL$W1$xDP1 Fondo Maccarrone$y58$m1515 F 18$j17700$nBK-PRI$b $qFondi$B17700$CPULBib$Z2$F17700 $H $81 941 1 $a1 961 $aINV: 3795.F.Maccarrone 996 $6245$aAtti dei Convegni di Cesena e Ravenna (1966-1967).$nI$9(OLS)http://pul/title/18127 996 $6260$aCesena :$bBadia di Santa Maria del Monte$9(OLS)http://pul/publisher/48844 LEADER 01434nam a2200289 a 4500 001 000000150111 003 CaOOAMICUS 005 20160307130639.0 008 160307s1914 it aofb u000 u ita r 032 $aLibriCat 040 $aPUL$bita 110 1 $aItalia.$bMinistero delle colonie.$0(OLS)http://pul/name/45627 245 10$aCirenaica : $bgli abitanti della Cirenaica. Studio etnico-antropologico /$cdel Dott. Aldo Mei Direttore del R. Ambulatorio e dell'Infermeria Civile di Bengasi. 260 $aRoma :$bTipografia nazionale di G. Bertero e C.,$c1914. 300 $a76 p., [1] p. di tav. ripieg. :$bill., foto., c. geogr. ;$c24 cm. 490 1 $aRapporti e monografie coloniali ;$v10 500 $aIn testa al front.: Ministero delle Colonie. 650 4$aColonialismo$zItalia$xStoria.$0(OLS)http://pul/subject/32159 651 4$aLibia$xColonizzazione.$0(OLS)http://pul/subject/4763 700 1 $aMei, Aldo.$0(OLS)http://pul/name/95588 830 0$aRapporti e monografie coloniali ;$v10.$0(OLS)http://pul/title/189174 850 $aPUL 852 $aPUL$W1$xDP1 Cons. Gen., Altre Classi 1$y22$m645 D 29.6$j172722$qStampati$B174598$CPULBib$Z2$F174598 $81 941 1 $a8 996 $6245$aCirenaica : $bgli abitanti della Cirenaica. Studio etnico-antropologico$9(OLS)http://pul/title/189179 996 $6260$aRoma :$bTipografia nazionale di G. Bertero e C.$9(OLS)http://pul/publisher/84701